Представление документа в формате RUSMARC

ПолеНазваниеЗначение
  Тип записи a
  Библиографический уровень m
001 Контрольный номер RU/ГПНТБ России/KNIGADB/84(2=411.2)/Н 56-817168425
005 Дата корректировки 20231120163254.5
010 Индекс ISBN __
a ISBN 978-5-17-107671-9
d Цена 271-26
b Уточнения в пер.
9 Тираж 5000 экз.
100 Данные общей обработки __
a Данные общей обработки 19190528d2018 m y0rusy028902 ca
101 Язык документа 0_
a Язык текста rus
102 Страна публикации __
a Страна публикации RU
105 Кодированные данные (монография) __
a Кодированные данные (монография) c z 000ay
181 Поле кодированных данных: вид содержания _0
a Код вида содержания (ISBD) i
182 Поле кодированных данных: тип средства _0
a Код типа средства (ISBD) n
200 Заглавие и сведения об ответственности 1_
a Заглавие Про девушку, которая была бабушкой
e Сведения, относящиеся к заглавию роман
f Первые сведения об ответственности Наталья Нестерова
203 Вид содержания и тип средства __
a Вид содержания Текст
c Тип средства непосредственный
210 Выходные данные 1_
a Место издания Москва
c Издательство АСТ
d Дата издания 2018
215 Физическое описание __
a Объем 350, [1] с.
d Формат 21 см
c Иллюстрации/тип воспроизводства портр.
225 Серия 2_
a Серия Пазлы
e Сведения, относящиеся к заглавию серии истории Натальи Нестеровой
330 Аннотация __
a Аннотация Однажды утром пенсионерка Александра Калинкина обнаружила, что чудесным образом помолодела почти на сорок лет! Теперь можно примерять модные платья, а не бесформенные балахоны, взыскать многолетний долг с работодателя и даже взглянуть в глаза бывшему мужу, который четверть века назад бросил ее одну с маленьким ребенком. Вскоре выясняется, что минусов у волшебного превращения не меньше, чем плюсов. Ни документов, ни семьи у юной Калинкиной больше нет, да и сама вторая молодость явно дана ей судьбой отнюдь не задаром и не навсегда. Нужно распорядиться ею правильно, а времени, чтобы найти верное решение, осталось в обрез…
333 Примечание о целевом назначении __
a Примечание о целевом назначении 16+. Для детей старше 16 лет
606 Тематические рубрики __
a Основная рубрика Художественная литература
2 Код системы nlr_sh
606 Тематические рубрики __
a Основная рубрика Современная русская литература (произведения)
2 Код системы nlr_sh
610 Ключевые слова 0_
a Ключевые слова современная литература
610 Ключевые слова 0_
a Ключевые слова русская литература
610 Ключевые слова 0_
a Ключевые слова романы
610 Ключевые слова 0_
a Ключевые слова проза
610 Ключевые слова 0_
a Ключевые слова женская проза
610 Ключевые слова 0_
a Ключевые слова женские романы
610 Ключевые слова 0_
a Ключевые слова тема молодости
610 Ключевые слова 0_
a Ключевые слова любовные романы
610 Ключевые слова 0_
a Ключевые слова тема загадок
686 Индексы других классификаций __
2 Код системы rubbks
a Классификационный индекс 84(2=411.2)6-4; ст84(2=411.2)6-4
700 Автор _1
a Фамилия Нестерова
b Имя Н.
c Титул (звания) Умеренкова, Наталья Владимировна
g Полное личное имя Наталья
4 Код отношения 070
790 Имя лица - альтернативная форма _1
4 Код отношения 070
a Имя лица - альтернативная форма Умеренкова
b Имя Н. В.
g Полное личное имя Наталья Владимировна
801 Источник записи _0
a Страна RU
b Организация ГПНТБ России
c Дата составления 20190528
g Правила каталогизации PSBO
801 Источник записи _2
a Страна RU
b Организация Муниципальное бюджетное учреждение культуры "Централизованная библиотечная система" г. Сургут (Центральная городская библиотека им. А. С. Пушкина)
c Дата составления 20190528
g Правила каталогизации PSBO
852 Данные о местонахождении __
j Шифр хранения 84(2=411.2)6-4
i Авторский знак Н 56
900 Макрообъекты __
a Макрообъекты Про девушку, которая была бабушкой. Нестерова, Н., 2018
901 Тип документа __
a Ответственный КиК/Мамарузиева; ООФиК/Волкова
t Тип документа m
903 Характеристики (МАРС) __
a Дата передачи 20221111; 20190528
c Наименование библиотеки (МАРС) Муниципальное бюджетное учреждение культуры "Централизованная библиотечная система" г. Сургут (Центральная городская библиотека им. А. С. Пушкина)
990 Данные о заказе (DOS) __
j Количество экземпляров (DOS) 1; 6
t N записи в КСУ для И/У (DOS) 202301; 201906